000 00472nam a2200169Ia 4500
008 090201s9999 xx 000 0 und d
010 _aKPL-12819
040 _bइंग्रजी
041 _aइंग्रजी
082 _a23967
_b12819
100 _aacharya rajneesh
245 _athe eternal message
_cacharya rajneesh
260 _c2004
_bishwarlal n shah publications
300 _a40
_bमोठा
600 _athe eternal message
942 _cBOOK
999 _c223382
_d223382